Statistics for NBA 2K Video Game Covers

Click here to take the quiz!

General Stats

  • This quiz has been taken 57,031 times
    (34,164 since last reset)
  • The average score is 17 of 23

Answer Stats

YearPlayer% Correct
2K14LeBron James
96%
2K10, 2K24Kobe Bryant
94%
2K11, 2K12Michael Jordan
89%
2K22Luka Dončić
88%
2K16Stephen Curry
88%
2K13, 2K15Kevin Durant
86%
2K23Devin Booker
85%
2K6, 2K7Shaquille O'Neal
84%
2K16, 2K20Anthony Davis
82%
2K19Giannis Antetokounmpo
82%
2K, 2K1, 2K2, 2K3, 2K4Allen Iverson
79%
2K16James Harden
76%
2K18Kyrie Irving
76%
2K21Damian Lillard
73%
2K17Paul George
68%
2K21Zion Williamson
63%
2K8Chris Paul
59%
2K9Kevin Garnett
56%
2K13Derrick Rose
54%
2K12Larry Bird
48%
2K12Magic Johnson
48%
2K13Blake Griffin
45%
2K5Ben Wallace
36%

Score Distribution

Percentile by Number Answered

Percent of People with Each Score

Your Score History

You have not taken this quiz since the last reset